000 01874nam a2200361 i 4500
001 192187
003 ES-MaACL
005 20260311134240.0
008 221113s2018 sp 000 0 spa
020 _a978-84-17325-24-4
040 _bspa
_cES-MaACL
080 _a821.134.2 Azaña, Manuel 1.07
080 _a343.222
100 1 _aAzaña, Manuel,
_d1880-1940
_924223
_eaut
245 1 3 _aLa responsabilidad de las multitudes /
_cManuel Azaña ; estudio preliminar de Gabriel Moreno González.
250 _aPrimera edición: marzo de 2018
260 _aSevilla :
_bAthenaica,
_c2018.
300 _a85 páginas ;
_c21 cm.
490 1 _aClásicos e inéditos del derecho público español
500 _aÍndice
504 _aReferencias bibliográficas
520 _aLa responsabilidad de las multitudes: memoria doctoral presentada por Manuel Azaña Díaz el 3 de abril de 1900 y defendida el 26 de junio del mismo año en la Universidad Central de Madrid
530 _3Disponible en formato digital: La responsabilidad de las multitudes: discurso leído por Manuel Azaña Diaz en la Universidad Central. Madrid, [1900] (Imp. de los Hijos de M. G. Hernández)
600 1 4 _924224
_aAzaña, Manuel, 1880-1940-
_xCrítica e interpretación
650 4 _aResponsabilidad penal
_916869
700 1 _9234957
_aMoreno González, Gabriel,
_d1991-
_epbl
830 0 _aClásicos e inéditos del derecho público español
_9226109
852 4 _aES-MaACL
_jN-8135
_bR. 152692
_cDEPOJ
_zCompra
_9199469
856 4 _uhttps://bdh-rd.bne.es/viewer.vm?id=0000256769&page=1
_yBiblioteca Digital Hispánica - La responsabilidad de las multitudes: discurso leído por Manuel Azaña Diaz en la Universidad Central. Madrid, [1900] (Imp. de los Hijos de M. G. Hernández)
942 _cMONOGRAFIA
_n0
999 _c192187
_d192187